Finančná analýza podniku

Saved in:
Bibliographic Details
Main Author: Kotulič, Rastislav
Other Authors: Király, Peter, Rajčániová, Miroslava
Format: Book
Language:Slovak
Published: Bratislava Wolters Kluwer 2018
Edition:3. prepracované a doplnené vydanie
Series:Ekonómia
Subjects:
Tags: Add Tag
No Tags, Be the first to tag this record!

MARC

LEADER 00000nam a2200000 4500
001 0248401
005 20240221114042.4
020 |a 978-80-8168-888-1 
041 0 |a slo 
044 |a SK 
245 1 0 |a Finančná analýza podniku  |c Rastislav Kotulič, Peter Király, Miroslava Rajčániová ; lektori 1. vydania: Jana Šnircová, František Kalouda 
250 |a 3. prepracované a doplnené vydanie 
264 1 |a Bratislava  |b Wolters Kluwer  |c 2018 
300 |a 227 s. 
490 1 |a Ekonómia 
830 0 |a Ekonómia 
610 2 0 |a podnik 
610 2 0 |a analýza finančná 
610 2 0 |a zdroje informácií 
610 2 0 |a závierka účtovná 
610 2 0 |a výkazy účtovné 
610 2 0 |a metódy 
610 2 0 |a analýzy 
610 2 0 |a ukazovatele 
610 2 0 |a bonita 
610 2 0 |a bankrot 
610 2 0 |a modely 
610 2 0 |a výkonnosť podniku 
610 2 0 |a softvér 
100 1 |a Kotulič, Rastislav 
700 1 |a Király, Peter 
700 1 |a Rajčániová, Miroslava